| 000 | 00476nam a22001697a 4500 | ||
|---|---|---|---|
| 005 | 20230119101208.0 | ||
| 008 | 221220b |||||||| |||| 00| 0 eng d | ||
| 020 | _a978-812656761-4 | ||
| 041 | _aeng | ||
| 082 | _a612-TOR-T | ||
| 100 |
_aTORTORA , GERARD J. AND DERRICKSON , BRYAN _97219 |
||
| 245 | _aTORTORA 'S PRINCIPLES OF ANATOMY & PHYSIOLOGY STUDY GUIDE | ||
| 260 | _bWILLY | ||
| 300 | _aSG-191;P. | ||
| 650 |
_aPHARMACY _xB.PHARMA & D.PHARMA _97472 |
||
| 942 | _cBK | ||
| 999 |
_c8153 _d8151 |
||